000 00788cab a2200229 4500
001 ABS39979
008 090401t1988 xxu||||| |||| 00| 0 eng d
035 _a(Sirsi) u20415
041 _aeng
100 _aWells, D.
245 _aLatent plans for a future defects policy
260 _c1988
350 _a0
490 _aContract Journal
_v345(5690) 3 November 1988, 14-15(2)
520 _aLooks at NEDO `s new building defects insurance scheme, BUILD (Building Users` Insurance against Latent Defects) in which the building owners pay to insure their properties against latent defects and assesses its likelihood of success.
650 _aBUILDING INDUSTRY
650 _aLIABILITY
650 _aNEGLIGENCE
690 _aInsurance
_96249
942 _n0
948 _c04/03/1997
999 _c13677
_d13677